Une série = Un Personnage préféré ! - Statistiques

Statistiques générales
  • Ce quiz a été pris 27 fois
  • Le résultat moyen est 5 sur 30
Statistiques - réponses
Sex de la personne Série nom du personnage % Correct
Femme (pas d'homme) Wednesday Mercredi
67%
Femme Stranger Things Max
50%
Homme Stranger Things Jim Hopper
33%
Homme The Witcher Geralt de Riv
29%
Femme Legacies Hope Mikaelson
29%
Femme The 100 Lexa
25%
Homme The Walking Dead Glenn Rhee
21%
Femme Arcane Jinx
21%
Femme Teen Wolf Allison Argent
17%
Homme The 100 John Murphy
17%
Femme The Walking Dead Judith Grimes
17%
Femme Vampire Diaries Katherine Pierce
17%
Homme Game of Thrones Arya Stark
13%
Femme The Witcher Ciri
13%
Femme The Originals Davina Claire
13%
Homme The Originals Kol Mikaelson
13%
Homme Vampire Diaries Lorenzo St. John
13%
Femme Wednesday Agnes DeMille
8%
Homme Legacies Milton Greasley "MG"
8%
Homme Arcane Vander
8%
Femme Fear the Walking Dead Alicia Clark
4%
Femme Lost : Les Disparus Claire Littleton
4%
Homme Prison Break David « L'Acrobate » Apolskis
4%
Homme Teen Wolf Isaac Lahey
4%
Homme Lost : Les Disparus James Ford "Sawyer"
4%
Homme All of Us Are Dead Lee Cheong-san
4%
Femme All of Us Are Dead Lee Na-yeon
4%
Homme Fear the Walking Dead Morgan Jones
4%
Femme Game of Thrones Oberyn Martell
4%
Femme Prison Break Veronica Donovan
4%
Aucun quiz correspondant
Distribution des résultats
% des personnes avec chaque résultat
Percentile par nombre de réponses
Votre historique - résultats
Vous n’avez pas pris ce quiz